00720nam a22001817a 4500010001300000020002300013035001300036035001300049082000800062100001500070245009400085260004300179270012300222300003700345942002200382999001700404952011700421 aB-307217 a812301368Xc190.00 aB-307217 adfdgdgdg a080 a Ayer, S.A aSelected speechs of Subhas Chandra Bosec by S.A. Ayer bwith a biographical introduction aNew Delhi bPublication Divisionc2006 aMinistry of Information and Broadcasting, Govt. of India, Soochna Bhawan, CGO Complex Lodhi Road, bNew Delhi e110003 a234p.:c24cm (pbk) bb&w photos  2ddccENmBOSh080 c18344d18344 00102ddc40708NFICaZLSbZLSd2008-11-04egiftg190.00l0o080 BOSpB-307217r2008-11-12 00:00:00v190.00yEN